000 00640nam a22001817a 4500
003 OSt
005 20250822012943.0
008 250822b |||||||| |||| 00| 0 eng d
020 _a0-06-757461-0.
040 _aDWC-Main Lib.
_cOC
082 _aCirc.
100 _aHIRIGOYEN, GERALD
245 _aThe basque kitchen :
_btempting food from the pyreness/
_cHIRIGOYEN, GERALD
260 _bHirigoyen, Gerald
_c[no date of publication]
300 _aix, 262 pages :
_bcolor illustrations ;
_c24cm.
650 _a1.Cooking, Basque. 2.Food habits--Spain--Pais Vasco. 3.Food habits--France--Pays Basque.
942 _2ddc
_cBK-CIRC
_hCirc.
_n0
999 _c4128
_d4128